| 000 | 00461nam a2200193Ia 4500 | ||
|---|---|---|---|
| 003 | 0100 | ||
| 008 | 130303s9999 xx 000 0 und d | ||
| 040 | _cARRUPELIB | ||
| 050 | _aBP172.C721984 | ||
| 100 | _aCragg, Kenneth | ||
| 245 | _aMuhammad and the christian | ||
| 245 | _bA Question of response | ||
| 260 | _aLondon | ||
| 260 | _bDarton, Longman and Todd | ||
| 260 | _C1984 | ||
| 300 | _a180p | ||
| 650 | _bPhilosophical anthropology | ||
| 942 | 0 | 0 | _01 |
| 999 |
_c24035 _d24035 |
||